HANDS-ON MACHINE LEARNING WITH SCIKIT-LEARN, KERAS AND TENSORFLOW (Record no. 216450)

MARC details
000 -LEADER
fixed length control field 00558nam a22001697a 4500
008 - FIXED-LENGTH DATA ELEMENTS--GENERAL INFORMATION
fixed length control field 260112b |||||||| |||| 00| 0 eng d
020 ## - INTERNATIONAL STANDARD BOOK NUMBER
International Standard Book Number 978-1-098-12597-4
100 ## - MAIN ENTRY--PERSONAL NAME
Personal name GERON, AURELIEN
245 ## - TITLE STATEMENT
Title HANDS-ON MACHINE LEARNING WITH SCIKIT-LEARN, KERAS AND TENSORFLOW
Remainder of title CONCEPTS, TOOLS AND TECHNIQUES TO BUILD INTELLIGENT SYSTEMS
250 ## - EDITION STATEMENT
Edition statement 3RD ED
260 ## - PUBLICATION, DISTRIBUTION, ETC.
Place of publication, distribution, etc. SEBASTOPOL
Name of publisher, distributor, etc. O`REILLY
Date of publication, distribution, etc. 2023
300 ## - PHYSICAL DESCRIPTION
Extent XXV,834P.
500 ## - GENERAL NOTE
General note INCLUDES INDEX
650 ## - SUBJECT ADDED ENTRY
Topical term or geographic name entry element 1. MACHINE LEARNING 2. ARTIFICIAL INTELLIGENCE
942 ## - ADDED ENTRY ELEMENTS (KOHA)
Source of classification or shelving scheme Library of Congress Classification
Koha item type Computer Files
Holdings
Withdrawn status Lost status Source of classification or shelving scheme Damaged status Not for loan Collection Home library Current library Shelving location Date acquired Inventory number Total checkouts Full call number Barcode Date last seen Date last checked out Copy number Price effective from Koha item type
    Library of Congress Classification     Science & Technology Kisii University Library Kisii University Library On Display 01/12/2026 110641 2 Q 325.5 .G47 2023 000000017881 04/06/2026 04/06/2026 C.1 01/12/2026 Computer Files
    Library of Congress Classification     Science & Technology Kisii University Library Kisii University Library On Display 01/12/2026 110642 1 Q 325.5 .G47 2023 000000017882 04/20/2026 04/06/2026 C.2 01/12/2026 Computer Files
    Library of Congress Classification     Science & Technology Kisii University Library Kisii University Library On Display 01/12/2026 110643   Q 325.5 .G47 2023 000000018795 01/12/2026   C.3 01/12/2026 Computer Files
    Library of Congress Classification     Science & Technology Kisii University Library Kisii University Library On Display 01/12/2026 110644   Q 325.5 .G47 2023 000000018796 01/12/2026   C.4 01/12/2026 Computer Files